<?xml version="1.0" encoding="UTF-8"?>
<record
    xmlns:xsi="http://www.w3.org/2001/XMLSchema-instance"
    xsi:schemaLocation="http://www.loc.gov/MARC21/slim http://www.loc.gov/standards/marcxml/schema/MARC21slim.xsd"
    xmlns="http://www.loc.gov/MARC21/slim">

  <leader>01356nam a22002537a 4500</leader>
  <controlfield tag="003">NALT</controlfield>
  <controlfield tag="005">20251125232827.0</controlfield>
  <controlfield tag="008">      s2543    th                  tha d</controlfield>
  <datafield tag="020" ind1=" " ind2=" ">
    <subfield code="a">9748765059</subfield>
  </datafield>
  <datafield tag="040" ind1=" " ind2=" ">
    <subfield code="a">NALT</subfield>
  </datafield>
  <datafield tag="041" ind1=" " ind2=" ">
    <subfield code="a">tha</subfield>
  </datafield>
  <datafield tag="050" ind1=" " ind2=" ">
    <subfield code="a">DS 578.32</subfield>
    <subfield code="b">&#xE1E;636&#xE21; 2543 </subfield>
  </datafield>
  <datafield tag="100" ind1="0" ind2=" ">
    <subfield code="a">&#xE27;&#xE34;&#xE19;&#xE31;&#xE22; &#xE27;&#xE34;&#xE42;&#xE23;&#xE08;&#xE19;&#xE4C;&#xE08;&#xE23;&#xE34;&#xE22;&#xE32;&#xE01;&#xE23;</subfield>
    <subfield code="9">54006</subfield>
  </datafield>
  <datafield tag="245" ind1="1" ind2="0">
    <subfield code="a">"&#xE44;&#xE21;&#xE48;&#xE21;&#xE35;&#xE43;&#xE04;&#xE23;&#xE23;&#xE39;&#xE49;&#xE08;&#xE31;&#xE01;" &#xE27;&#xE34;&#xE18;&#xE35;&#xE04;&#xE34;&#xE14;...&#xE40;&#xE1A;&#xE37;&#xE49;&#xE2D;&#xE07;&#xE2B;&#xE25;&#xE31;&#xE07;&#xE07;&#xE32;&#xE19;&#xE40;&#xE21;&#xE37;&#xE2D;&#xE07;...&#xE01;&#xE32;&#xE23;&#xE40;&#xE21;&#xE37;&#xE2D;&#xE07; &#xE14;&#xE23;.&#xE1E;&#xE34;&#xE08;&#xE34;&#xE15;&#xE15; &#xE23;&#xE31;&#xE15;&#xE15;&#xE01;&#xE38;&#xE25; /</subfield>
    <subfield code="c">&#xE40;&#xE23;&#xE35;&#xE22;&#xE1A;&#xE49;&#xE23;&#xE35;&#xE22;&#xE07;&#xE42;&#xE14;&#xE22;, &#xE27;&#xE34;&#xE19;&#xE31;&#xE22; &#xE27;&#xE34;&#xE42;&#xE19;&#xE08;&#xE19;&#xE4C;&#xE08;&#xE23;&#xE34;&#xE22;&#xE32;&#xE01;&#xE23;, &#xE2A;&#xE21;&#xE1B;&#xE23;&#xE32;&#xE23;&#xE16;&#xE19;&#xE32; &#xE20;&#xE23;&#xE30;&#xE21;&#xE23;&#xE17;&#xE31;&#xE15;, &#xE15;&#xE24;&#xE15;&#xE13;&#xE31;&#xE22; &#xE19;&#xE1E;&#xE04;&#xE38;&#xE13;.</subfield>
  </datafield>
  <datafield tag="260" ind1=" " ind2=" ">
    <subfield code="a">&#xE01;&#xE23;&#xE38;&#xE07;&#xE40;&#xE17;&#xE1E;&#xE2F; : </subfield>
    <subfield code="b">&#xE21;&#xE39;&#xE25;&#xE19;&#xE34;&#xE18;&#xE34;&#xE2A;&#xE23;&#xE49;&#xE32;&#xE07;&#xE40;&#xE2A;&#xE23;&#xE34;&#xE21;&#xE44;&#xE17;&#xE22;, </subfield>
    <subfield code="c">2543.</subfield>
  </datafield>
  <datafield tag="300" ind1=" " ind2=" ">
    <subfield code="a">1 &#xE40;&#xE25;&#xE48;&#xE21; :</subfield>
    <subfield code="b">&#xE20;&#xE32;&#xE1E;&#xE1B;&#xE23;&#xE30;&#xE01;&#xE2D;&#xE1A; ;</subfield>
    <subfield code="c">21 &#xE0B;&#xE21;.</subfield>
  </datafield>
  <datafield tag="600" ind1="0" ind2="4">
    <subfield code="9">31945</subfield>
    <subfield code="a">&#xE1E;&#xE34;&#xE0A;&#xE31;&#xE22; &#xE23;&#xE31;&#xE15;&#xE15;&#xE01;&#xE38;&#xE25;</subfield>
    <subfield code="x">&#xE1C;&#xE25;&#xE07;&#xE32;&#xE19;</subfield>
  </datafield>
  <datafield tag="700" ind1="0" ind2=" ">
    <subfield code="a">&#xE2A;&#xE21;&#xE1B;&#xE23;&#xE32;&#xE23;&#xE16;&#xE19;&#xE32; &#xE20;&#xE23;&#xE30;&#xE21;&#xE23;&#xE17;&#xE31;&#xE15;</subfield>
    <subfield code="9">54008</subfield>
  </datafield>
  <datafield tag="700" ind1="0" ind2=" ">
    <subfield code="a">&#xE15;&#xE24;&#xE15;&#xE13;&#xE31;&#xE22; &#xE19;&#xE1E;&#xE04;&#xE38;&#xE13; </subfield>
    <subfield code="9">54009</subfield>
  </datafield>
  <datafield tag="850" ind1=" " ind2=" ">
    <subfield code="a">NALT</subfield>
  </datafield>
  <datafield tag="856" ind1="4" ind2="0">
    <subfield code="u">https://hdl.handle.net/20.500.14156/410544</subfield>
  </datafield>
  <datafield tag="942" ind1=" " ind2=" ">
    <subfield code="c">GB</subfield>
    <subfield code="2">lcc</subfield>
  </datafield>
  <datafield tag="998" ind1=" " ind2=" ">
    <subfield code="b">SAIPHON</subfield>
    <subfield code="c">phon</subfield>
    <subfield code="j">8</subfield>
    <subfield code="k"> &#xE19;&#xE32;&#xE22;&#xE1A;&#xE31;&#xE13;&#xE11;&#xE34;&#xE15;  &#xE2D;&#xE38;&#xE17;&#xE32;&#xE27;&#xE07;&#xE04;&#xE4C;</subfield>
  </datafield>
  <datafield tag="999" ind1=" " ind2=" ">
    <subfield code="c">10408</subfield>
    <subfield code="d">10408</subfield>
  </datafield>
  <datafield tag="952" ind1=" " ind2=" ">
    <subfield code="0">0</subfield>
    <subfield code="1">0</subfield>
    <subfield code="2">lcc</subfield>
    <subfield code="4">0</subfield>
    <subfield code="7">0</subfield>
    <subfield code="8">CGBL</subfield>
    <subfield code="a">NALT</subfield>
    <subfield code="b">NALT</subfield>
    <subfield code="d">2021-07-20</subfield>
    <subfield code="l">1</subfield>
    <subfield code="o">DS 578.32 &#xE1E;636&#xE21; 2543</subfield>
    <subfield code="p">3961136682</subfield>
    <subfield code="r">2023-05-09 00:00:00</subfield>
    <subfield code="s">2023-04-28</subfield>
    <subfield code="w">2017-06-09</subfield>
    <subfield code="y">GB</subfield>
  </datafield>
</record>
